|
|
|
|
| LEADER |
00000nab#a22000007a#4500 |
| 001 |
arbauad019104 |
| 003 |
AR-BaUAD |
| 005 |
20250711111656.0 |
| 008 |
960429|||||||||###||||||b###|0###a|spa|| |
| 040 |
|
|
|a AR-BaUAD
|c AR-BaUAD
|b spa
|
| 245 |
1 |
0 |
|a Wright at home again
|
| 300 |
0 |
|
|b cortes, fot., plantas
|
| 653 |
|
|
|a MONUMENTOS HISTORICOS
|
| 653 |
|
|
|a CASA FRANK LLOYD WRIGHT
|
| 653 |
|
|
|a PRESERVACION ARQUITECTONICA
|
| 653 |
|
|
|a ILLINOIS
|
| 653 |
|
|
|a ESTADOS UNIDOS
|
| 653 |
|
|
|a THORPE, JOHN
|
| 653 |
|
|
|a DRING, WILLIAM
|
| 653 |
|
|
|a HUNTER, CARL
|
| 773 |
0 |
|
|t ARCHITECTURAL RECORD
|g [set. 1986], p. 118-125
|
| 942 |
|
|
|c ARTI
|
| 952 |
|
|
|0 0
|1 0
|4 0
|7 0
|9 64024
|a AR-BAuAD
|b AR-BAuAD
|d 2025-07-11
|l 0
|p AAQA019104
|r 2025-07-11 11:16:56
|w 2025-07-11
|y ARTI
|
| 990 |
|
|
|a AQ198
|b TD
|
| 998 |
|
|
|a AAQ
|b BIBUN76
|
| 999 |
|
|
|c 43697
|d 43697
|